[Event "WLS-ch 60th"]
[Site "Cardiff"]
[Date "2014.04.18"]
[Round "1"]
[White "Thomas, Ben"]
[Black "Bullen, Alex"]
[Result "0-1"]
[WhiteElo "1790"]
[BlackElo "2047"]
[PlyCount "130"]
[EventDate "2014.04.18"]
[EventType "swiss"]
[EventRounds "7"]
[EventCountry "WLS"]
[SourceTitle "CBM 160 Extra"]
[Source "ChessBase"]
[SourceDate "2014.07.01"]
[SourceVersion "1"]
[SourceVersionDate "2014.07.01"]
[SourceQuality "1"]

1. e4 c6 2. c4 d5 3. exd5 cxd5 4. cxd5 Nf6 5. Nc3 Nxd5 6. d4 Nc6 7. Nf3 Bg4 8. Bc4 e6 9. Be3 Bb4 10. Rc1 0-0 11. 0-0 Nb6 12. Be2 Rc8 13. Ne4 Nd5 14. a3 Be7 15. h3 Bh5 16. Qd2 Bg6 17. Nc5 b6 18. Nd3 Qd6 19. Nf4 Na5 20. Rxc8 Rxc8 21. Rc1 Rxc1+ 22. Qxc1 Nxf4 23. Bxf4 Qc6 24. Qd2 Nb7 25. Ne5 Qa4 26. Qc3 Nd8 27. Qc7 Kf8 28. Bf3 Qc2 29. Nc6 Nxc6 30. Bxc6 Qd1+ 31. Kh2 Qxd4 32. Bd7 Kg8 33. Be5 Qc5 34. Bc6 a5 35. Bf4 h6 36. Kh1 Bf6 37. Be3 Qc2 38. Qxb6 Bxb2 39. a4 Bc3 40. Qb5 Qd1+ 41. Kh2 Qd6+ 42. g3 Bb4 43. Bf4 Qd4 44. Be3 Qc3 45. Bf4 Bd3 46. Qb6 Bc5 47. Qd8+ Kh7 48. Be3 Bxe3 49. fxe3 Qd2+ 50. Bg2 Qc3 51. Qa8 Qc2 52. Qc6 Qa2 53. Kh1 Bc2 54. Be4+ Bxe4+ 55. Qxe4+ f5 56. Qd4 Qd5+ 57. Kg1 Qxd4 58. exd4 g5 59. Kf2 Kg6 60. g4 f4 61. Kf3 Kf6 62. Ke4 Ke7 63. Kf3 Kd7 64. Ke4 Kd6 65. Kf3 Kd5 0-1

[Event "South Wales op 10th"]
[Site "Penarth"]
[Date "2013.07.18"]
[Round "8"]
[White "Thomas, Ben"]
[Black "Williams, R."]
[Result "1/2-1/2"]
[WhiteElo "1716"]
[BlackElo "1807"]
[PlyCount "36"]
[EventDate "2013.07.14"]
[EventType "swiss"]
[EventRounds "9"]
[EventCountry "WLS"]
[SourceTitle "CBM 155 Extra"]
[Source "ChessBase"]
[SourceDate "2013.08.26"]
[SourceVersion "1"]
[SourceVersionDate "2013.08.26"]
[SourceQuality "1"]

1. e4 e6 2. d4 d5 3. Nc3 dxe4 4. Nxe4 Be7 5. Nf3 Nf6 6. Bd3 Nxe4 7. Bxe4 Nd7 8. 0-0 c5 9. Qe2 0-0 10. Rd1 Qc7 11. c3 Rd8 12. Be3 Nf6 13. Bc2 b6 14. dxc5 bxc5 15. Rxd8+ Bxd8 16. Qc4 Be7 17. b4 Bb7 18. Ne1 Bd5 1/2-1/2

[Event "South Wales op 10th"]
[Site "Penarth"]
[Date "2013.07.17"]
[Round "7"]
[White "Waterfield, John"]
[Black "Thomas, Ben"]
[Result "1-0"]
[WhiteElo "1980"]
[BlackElo "1716"]
[PlyCount "55"]
[EventDate "2013.07.14"]
[EventType "swiss"]
[EventRounds "9"]
[EventCountry "WLS"]
[SourceTitle "CBM 155 Extra"]
[Source "ChessBase"]
[SourceDate "2013.08.26"]
[SourceVersion "1"]
[SourceVersionDate "2013.08.26"]
[SourceQuality "1"]

1. e4 c5 2. c3 d5 3. exd5 Qxd5 4. d4 e6 5. Nf3 Nc6 6. Bd3 Nf6 7. 0-0 Be7 8. a3 0-0 9. c4 Qd8 10. dxc5 a5 11. Nc3 h6 12. Na4 e5 13. Nb6 Ra6 14. Nxc8 Qxc8 15. Re1 Bxc5 16. Nxe5 Bxf2+ 17. Kxf2 Nxe5 18. h3 Re8 19. Bf4 Nfd7 20. Kg1 Rae6 21. Qd2 Qc5+ 22. Kh2 Kh8 23. b4 Qd4 24. Bf5 Rd6 25. Qxd4 Rxd4 26. Bxd7 Rxd7 27. Bxe5 Rde7 28. Bg3 1-0

[Event "South Wales op 10th"]
[Site "Penarth"]
[Date "2013.07.16"]
[Round "5"]
[White "Greet, Andrew"]
[Black "Thomas, Ben"]
[Result "1-0"]
[WhiteElo "2427"]
[BlackElo "1716"]
[PlyCount "55"]
[EventDate "2013.07.14"]
[EventType "swiss"]
[EventRounds "9"]
[EventCountry "WLS"]
[SourceTitle "CBM 155 Extra"]
[Source "ChessBase"]
[SourceDate "2013.08.26"]
[SourceVersion "1"]
[SourceVersionDate "2013.08.26"]
[SourceQuality "1"]

1. d4 Nf6 2. c4 g6 3. g3 Bg7 4. Bg2 0-0 5. Nc3 d6 6. Nf3 Nbd7 7. 0-0 c6 8. e4 e5 9. h3 exd4 10. Nxd4 Re8 11. Be3 Ne5 12. b3 Qa5 13. Qc2 Ned7 14. Rad1 Qh5 15. Nde2 g5 16. g4 Nxg4 17. hxg4 Qh4 18. Nd4 Ne5 19. f3 c5 20. Bf2 Qh6 21. Nf5 Bxf5 22. exf5 Nc6 23. Ne4 Nd4 24. Bxd4 Bxd4+ 25. Rxd4 cxd4 26. Qd2 Re5 27. Qxd4 Qh4 28. Qxd6 1-0

[Event "South Wales op 10th"]
[Site "Penarth"]
[Date "2013.07.16"]
[Round "6"]
[White "Thomas, Ben"]
[Black "Steffens, Olaf"]
[Result "0-1"]
[WhiteElo "1716"]
[BlackElo "2200"]
[PlyCount "88"]
[EventDate "2013.07.14"]
[EventType "swiss"]
[EventRounds "9"]
[EventCountry "WLS"]
[SourceTitle "CBM 155 Extra"]
[Source "ChessBase"]
[SourceDate "2013.08.26"]
[SourceVersion "1"]
[SourceVersionDate "2013.08.26"]
[SourceQuality "1"]

1. e4 g6 2. d4 Bg7 3. c3 d6 4. Be3 Nf6 5. Bd3 Nc6 6. h3 e5 7. Nf3 0-0 8. Nbd2 Qe7 9. 0-0 Nh5 10. Nb3 h6 11. Qd2 g5 12. dxe5 dxe5 13. Bc5 Qf6 14. Bxf8 Bxf8 15. Qe3 Nf4 16. Nh2 h5 17. Rfd1 a5 18. Bb5 b6 19. a4 Ne7 20. Kh1 Neg6 21. Rd2 Be6 22. c4 Bb4 23. Rc2 Rd8 24. c5 Kg7 25. cxb6 cxb6 26. Bf1 g4 27. Rc6 Qg5 28. h4 Nxh4 29. g3 Nhg6 30. gxf4 exf4 31. Qxb6 Bxb3 32. Bc4 Bxc4 33. Rxc4 Rd2 34. Rg1 Rxb2 35. Qd4+ Qe5 36. Nf3 Qxd4 37. Nxd4 Rxf2 38. Rc6 Kh6 39. Nf5+ Kg5 40. Ng7 Ne5 41. Rb6 g3 42. Rg2 Rf1+ 43. Rg1 Rxg1+ 44. Kxg1 Bc5+ 0-1

[Event "South Wales op 10th"]
[Site "Penarth"]
[Date "2013.07.15"]
[Round "4"]
[White "Menadue, Jeremy FS"]
[Black "Thomas, Ben"]
[Result "0-1"]
[WhiteElo "2145"]
[BlackElo "1716"]
[PlyCount "74"]
[EventDate "2013.07.14"]
[EventType "swiss"]
[EventRounds "9"]
[EventCountry "WLS"]
[SourceTitle "CBM 155 Extra"]
[Source "ChessBase"]
[SourceDate "2013.08.26"]
[SourceVersion "1"]
[SourceVersionDate "2013.08.26"]
[SourceQuality "1"]

1. d4 Nf6 2. c4 g6 3. Nc3 Bg7 4. e4 d6 5. Nge2 0-0 6. Ng3 Nbd7 7. Be2 c6 8. 0-0 e5 9. d5 Ne8 10. Kh1 h5 11. Kg1 h4 12. Nh1 Nc5 13. Be3 f5 14. dxc6 Ne6 15. exf5 gxf5 16. cxb7 Bxb7 17. f3 h3 18. g3 f4 19. Bf2 Ng5 20. Nd5 Nc7 21. Rc1 Nxd5 22. cxd5 Qf6 23. Rc7 Rf7 24. Rc3 Qg6 25. Rc4 Raf8 26. g4 e4 27. Rxe4 Nxe4 28. fxe4 Bxb2 29. Bf3 Ba6 30. Re1 Bc3 31. Qa4 Bc8 32. Qd1 Bxe1 33. Bxe1 Qf6 34. Nf2 Rh7 35. Qd3 Qa1 36. Kf1 Qxa2 37. Bc3 Ba6 0-1

[Event "South Wales op 10th"]
[Site "Penarth"]
[Date "2013.07.14"]
[Round "1"]
[White "Thomas, Ben"]
[Black "Adebajo, Olufemi"]
[Result "0-1"]
[WhiteElo "1716"]
[BlackElo "1934"]
[PlyCount "76"]
[EventDate "2013.07.14"]
[EventType "swiss"]
[EventRounds "9"]
[EventCountry "WLS"]
[SourceTitle "CBM 155 Extra"]
[Source "ChessBase"]
[SourceDate "2013.08.26"]
[SourceVersion "1"]
[SourceVersionDate "2013.08.26"]
[SourceQuality "1"]

1. e4 c5 2. c3 Nf6 3. e5 Nd5 4. Bc4 e6 5. d4 Nb6 6. Bd3 c4 7. Bc2 d6 8. Nf3 Nc6 9. 0-0 Be7 10. Qe2 Qc7 11. exd6 Bxd6 12. Nbd2 Ne7 13. Ne4 Bd7 14. Nxd6+ Qxd6 15. Ne5 Ng6 16. Nxc4 Nxc4 17. Qxc4 Bc6 18. Ba4 0-0 19. Bxc6 bxc6 20. b3 Rfe8 21. Re1 Rab8 22. Re2 Rb5 23. a4 Rh5 24. g3 Qd7 25. f3 e5 26. g4 Rh3 27. Kg2 Rh4 28. dxe5 Nxe5 29. Qd4 Rxh2+ 30. Kf1 Rxe2 31. Kxe2 Nxg4+ 32. Kf1 Nh2+ 33. Kf2 Qh3 34. Qd1 Qh4+ 35. Kg2 Re6 36. Qd4 Rg6+ 37. Kh1 Nxf3+ 38. Qxh4 Rg1# 0-1

[Event "South Wales op 10th"]
[Site "Penarth"]
[Date "2013.07.14"]
[Round "3"]
[White "Thomas, Ben"]
[Black "Yeo, Gareth"]
[Result "1-0"]
[WhiteElo "1716"]
[BlackElo "1979"]
[PlyCount "77"]
[EventDate "2013.07.14"]
[EventType "swiss"]
[EventRounds "9"]
[EventCountry "WLS"]
[SourceTitle "CBM 155 Extra"]
[Source "ChessBase"]
[SourceDate "2013.08.26"]
[SourceVersion "1"]
[SourceVersionDate "2013.08.26"]
[SourceQuality "1"]

1. e4 c5 2. c3 d6 3. d4 Nf6 4. Bd3 Nc6 5. Ne2 g6 6. 0-0 Bg7 7. f4 0-0 8. d5 Nb8 9. Nd2 Nbd7 10. Nf3 Qc7 11. Kh1 c4 12. Bc2 b5 13. Ned4 a6 14. a4 bxa4 15. Qe2 Nc5 16. Re1 Nfd7 17. Qxc4 Nb6 18. Qe2 e5 19. dxe6 fxe6 20. e5 d5 21. Qf2 Bd7 22. Qh4 Qd8 23. Ng5 h6 24. Bxg6 Nc8 25. Bh7+ Kh8 26. Nf7+ Kxh7 27. Nxd8 Na7 28. Qe7 Nd3 29. N8xe6 Bxe6 30. Nxe6 Rg8 31. Re3 Nf2+ 32. Kg1 Ne4 33. Qb7 Nb5 34. Nxg7 Rab8 35. Qxd5 Rbd8 36. Qxe4+ Kxg7 37. Rg3+ Kf7 38. Qh7+ Ke6 39. Rxg8 1-0

[Event "WLS-ch"]
[Site "Cardiff"]
[Date "2013.04.01"]
[Round "6"]
[White "Thomas, Ben"]
[Black "Brown, Thomas"]
[Result "0-1"]
[WhiteElo "1713"]
[BlackElo "2091"]
[PlyCount "86"]
[EventDate "2013.03.29"]
[EventType "swiss"]
[EventRounds "7"]
[EventCountry "WLS"]
[SourceTitle "EXT 2014"]
[Source "ChessBase"]
[SourceDate "2013.11.20"]
[SourceVersion "1"]
[SourceVersionDate "2013.11.20"]
[SourceQuality "1"]

1. e4 c5 2. c3 d5 3. exd5 Qxd5 4. Nf3 g6 5. Na3 Bg7 6. d4 Nf6 7. dxc5 Qxd1+ 8. Kxd1 0-0 9. Bd3 Bg4 10. Ke2 Nbd7 11. h3 Bxf3+ 12. Kxf3 Nxc5 13. Bc2 Rfd8 14. Re1 e6 15. Be3 b6 16. Bd4 Nfd7 17. Bxg7 Kxg7 18. Rad1 e5 19. b4 Ne6 20. Ba4 Nef8 21. Rd6 Rac8 22. c4 e4+ 23. Kg3 Nf6 24. Rxd8 Rxd8 25. Rd1 Rc8 26. Bb5 Nh5+ 27. Kh2 Nf4 28. Rd2 Nd3 29. Nc2 Ne5 30. Rd4 f5 31. Kg3 Kf6 32. Ba6 Rc7 33. Na3 Nd3 34. Nb5 Re7 35. a3 Ne6 36. Rd6 f4+ 37. Kh2 Nxf2 38. Bc8 e3 39. Kg1 Ne4 40. Rxe6+ Rxe6 41. Kf1 Re8 42. Bg4 Nd2+ 43. Ke2 Nxc4 0-1

[Event "WLS-ch"]
[Site "Cardiff"]
[Date "2013.04.01"]
[Round "7"]
[White "Thomas, Ben"]
[Black "Evans, Nicholas Thomas"]
[Result "0-1"]
[WhiteElo "1713"]
[BlackElo "1735"]
[PlyCount "56"]
[EventDate "2013.03.29"]
[EventType "swiss"]
[EventRounds "7"]
[EventCountry "WLS"]
[SourceTitle "EXT 2014"]
[Source "ChessBase"]
[SourceDate "2013.11.20"]
[SourceVersion "1"]
[SourceVersionDate "2013.11.20"]
[SourceQuality "1"]

1. e4 e5 2. Nf3 Nc6 3. d4 exd4 4. Nxd4 Nf6 5. Nxc6 bxc6 6. e5 Qe7 7. Qe2 Nd5 8. c4 Nb6 9. Nc3 Qe6 10. b3 a5 11. Bb2 a4 12. Qe3 Ra5 13. Ne4 Bb4+ 14. Kd1 axb3 15. Qxb3 Be7 16. a4 0-0 17. Bc3 Rxe5 18. Bxe5 Qxe5 19. Nc3 Qd4+ 20. Kc2 Qxf2+ 21. Be2 Ba6 22. Raf1 Qxg2 23. Rhg1 Qxh2 24. Rh1 Qe5 25. Rh5 Qe6 26. Rg1 Bxc4 27. Qb1 Bxe2 28. Rxg7+ Kxg7 0-1

[Event "WLS-ch"]
[Site "Cardiff"]
[Date "2013.03.31"]
[Round "4"]
[White "Robinson, David"]
[Black "Thomas, Ben"]
[Result "0-1"]
[WhiteElo "1934"]
[BlackElo "1713"]
[PlyCount "38"]
[EventDate "2013.03.29"]
[EventType "swiss"]
[EventRounds "7"]
[EventCountry "WLS"]
[SourceTitle "CBM 153 Extra"]
[Source "ChessBase"]
[SourceDate "2013.04.22"]
[SourceVersion "1"]
[SourceVersionDate "2013.04.22"]
[SourceQuality "1"]

1. d4 Nf6 2. Nf3 g6 3. Bf4 Bg7 4. e3 d6 5. Be2 0-0 6. h3 Nbd7 7. 0-0 Qe8 8. c4 e5 9. Bh2 Ne4 10. Nbd2 Nxd2 11. Qxd2 f5 12. Rfd1 Kh8 13. Rac1 b6 14. dxe5 dxe5 15. Qd5 Rb8 16. Qc6 Rb7 17. b4 Qe7 18. c5 e4 19. Ba6 Nb8 0-1

[Event "WLS-ch"]
[Site "Cardiff"]
[Date "2013.03.31"]
[Round "5"]
[White "Summers, Charles B"]
[Black "Thomas, Ben"]
[Result "1/2-1/2"]
[WhiteElo "1971"]
[BlackElo "1713"]
[PlyCount "65"]
[EventDate "2013.03.29"]
[EventType "swiss"]
[EventRounds "7"]
[EventCountry "WLS"]
[SourceTitle "CBM 153 Extra"]
[Source "ChessBase"]
[SourceDate "2013.04.22"]
[SourceVersion "1"]
[SourceVersionDate "2013.04.22"]
[SourceQuality "1"]

1. d4 d5 2. Nc3 e6 3. e4 Nf6 4. e5 Nfd7 5. Nce2 c5 6. c3 Nc6 7. f4 b6 8. Nf3 Ba6 9. g3 Be7 10. Bg2 Rc8 11. a3 0-0 12. 0-0 Na5 13. b4 cxb4 14. axb4 Bxe2 15. Qxe2 Nc4 16. f5 a5 17. f6 gxf6 18. Bh6 Re8 19. exf6 Bxf6 20. Nh4 axb4 21. Qg4+ Kh8 22. Bg7+ Bxg7 23. Rxf7 Bxd4+ 24. cxd4 Rg8 25. Rxh7+ Kxh7 26. Qh5+ Kg7 27. Qg6+ Kf8 28. Rf1+ Ke7 29. Rf7+ Kd6 30. Nf5+ Kc7 31. Qxe6 Ra8 32. Qxd5 Ra1+ 33. Kf2 1/2-1/2

[Event "WLS-ch"]
[Site "Cardiff"]
[Date "2013.03.30"]
[Round "2"]
[White "Taylor, Robert Graham"]
[Black "Thomas, Ben"]
[Result "1-0"]
[WhiteElo "1964"]
[BlackElo "1713"]
[PlyCount "93"]
[EventDate "2013.03.29"]
[EventType "swiss"]
[EventRounds "7"]
[EventCountry "WLS"]
[SourceTitle "CBM 153 Extra"]
[Source "ChessBase"]
[SourceDate "2013.04.22"]
[SourceVersion "1"]
[SourceVersionDate "2013.04.22"]
[SourceQuality "1"]

1. d4 Nf6 2. Nf3 g6 3. c4 Bg7 4. Nc3 0-0 5. e4 d6 6. Be2 Nbd7 7. 0-0 e5 8. d5 Nc5 9. Qc2 a5 10. Ne1 Qe7 11. f3 Nh5 12. Nd3 Nxd3 13. Bxd3 f5 14. Be3 f4 15. Bf2 Kh8 16. a3 g5 17. Be2 Nf6 18. b4 h5 19. c5 h4 20. cxd6 cxd6 21. Nb5 Rf7 22. Rac1 Bd7 23. Qc7 Bf8 24. Qxb7 Qd8 25. Qc7 Bxb5 26. Qxd8 Rxd8 27. Bxb5 Rb8 28. a4 axb4 29. Rc4 b3 30. Rb1 Be7 31. Rxb3 g4 32. Rbc3 Kh7 33. Rc8 Rb7 34. R3c7 Rxc7 35. Rxc7 Kg6 36. a5 g3 37. hxg3 hxg3 38. Bb6 Rh7 39. Rc8 Nxe4 40. fxe4 f3 41. gxf3 Kg5 42. Be3+ Kh4 43. a6 Kh3 44. a7 g2 45. a8Q Kg3 46. Bf2+ Kxf3 47. Qa3+ 1-0

[Event "WLS-ch"]
[Site "Cardiff"]
[Date "2013.03.30"]
[Round "3"]
[White "Thomas, Ben"]
[Black "Fathallah, Joe"]
[Result "0-1"]
[WhiteElo "1713"]
[BlackElo "1987"]
[PlyCount "110"]
[EventDate "2013.03.29"]
[EventType "swiss"]
[EventRounds "7"]
[EventCountry "WLS"]
[SourceTitle "CBM 153 Extra"]
[Source "ChessBase"]
[SourceDate "2013.04.22"]
[SourceVersion "1"]
[SourceVersionDate "2013.04.22"]
[SourceQuality "1"]

1. e4 e6 2. d4 d5 3. Nc3 Nf6 4. Bg5 Be7 5. e5 Nfd7 6. Bxe7 Qxe7 7. f4 a6 8. Qg4 f5 9. exf6 Nxf6 10. Qh4 c5 11. Nf3 Nc6 12. 0-0-0 Ne4 13. Qxe7+ Kxe7 14. Nxe4 dxe4 15. Ng5 cxd4 16. Nxe4 Rd8 17. g3 b6 18. Bg2 Bb7 19. Rhe1 h6 20. f5 e5 21. Nd2 Kf6 22. g4 Na5 23. Bxb7 Nxb7 24. Nc4 Re8 25. Nxb6 Rad8 26. c4 Kg5 27. Nd5 Rc8 28. b3 Nc5 29. Kc2 d3+ 30. Kc3 a5 31. Kd2 e4 32. Ke3 Rc6 33. Rg1 h5 34. Rdf1 h4 35. Rf4 a4 36. b4 Nd7 37. c5 Ne5 38. Rxe4 d2 39. h3 Nc4+ 40. Kd4 Rxe4+ 41. Kxe4 Rc8 42. Kd3 Ne5+ 43. Kc2 Rd8 44. Nc3 Nc4 45. Nd1 Kf4 46. Rg2 Kf3 47. Rf2+ Kg3 48. Re2 Kxh3 49. c6 Na3+ 50. Kc3 Kxg4 51. Rxd2 Nb1+ 52. Kc2 Rxd2+ 53. Kxb1 Rxd1+ 54. Kc2 Rd8 55. b5 Rc8 0-1

[Event "WLS-ch"]
[Site "Cardiff"]
[Date "2013.03.29"]
[Round "1"]
[White "Thomas, Ben"]
[Black "Kirby, Peter J"]
[Result "0-1"]
[WhiteElo "1713"]
[BlackElo "2007"]
[PlyCount "74"]
[EventDate "2013.03.29"]
[EventType "swiss"]
[EventRounds "7"]
[EventCountry "WLS"]
[SourceTitle "CBM 153 Extra"]
[Source "ChessBase"]
[SourceDate "2013.04.22"]
[SourceVersion "1"]
[SourceVersionDate "2013.04.22"]
[SourceQuality "1"]

1. e4 c5 2. c3 Nf6 3. e5 Nd5 4. d4 cxd4 5. Nf3 d6 6. cxd4 e6 7. Bc4 Nc6 8. 0-0 Be7 9. Nc3 Nxc3 10. bxc3 dxe5 11. Bb5 exd4 12. Bxc6+ bxc6 13. Nxd4 Qc7 14. Qf3 Bb7 15. Bf4 Bd6 16. Bxd6 Qxd6 17. Rad1 0-0 18. Rd3 Ba6 19. Rdd1 Bxf1 20. Rxf1 Qd5 21. Qe2 e5 22. Nf5 Qe6 23. Qe4 Rfe8 24. Re1 Rad8 25. h3 Rd2 26. Qg4 g6 27. Qg5 Rxa2 28. g4 f6 29. Nh6+ Kg7 30. Qh4 Qc4 31. Rb1 Re7 32. Rb8 Ra1+ 33. Kg2 Qe4+ 34. f3 Ra2+ 35. Kg1 Qe3+ 36. Kf1 Qe2+ 37. Kg1 Qg2# 0-1

[Event "South Wales op 9th"]
[Site "Penarth"]
[Date "2012.07.12"]
[Round "8"]
[White "Phillips, William"]
[Black "Thomas, Ben"]
[Result "0-1"]
[WhiteElo "1984"]
[BlackElo "1674"]
[PlyCount "110"]
[EventDate "2012.07.08"]
[EventType "swiss"]
[EventRounds "9"]
[EventCountry "WLS"]
[SourceTitle "CBM 149 Extra"]
[Source "ChessBase"]
[SourceDate "2012.08.24"]
[SourceVersion "1"]
[SourceVersionDate "2012.08.24"]
[SourceQuality "1"]

1. d4 Nf6 2. Nf3 g6 3. Nc3 Bg7 4. e4 d6 5. Bc4 0-0 6. Qe2 c6 7. a3 Nbd7 8. 0-0 c5 9. e5 Ne8 10. e6 fxe6 11. Bxe6+ Kh8 12. d5 Bf6 13. Ne4 Ne5 14. Neg5 Nc7 15. Nxe5 Bxe5 16. Nf7+ Rxf7 17. Bxf7 Qf8 18. Be6 Nxe6 19. dxe6 Bxe6 20. Bg5 Qf5 21. Bxe7 Qf7 22. Bxd6 Bxd6 23. Rfe1 Bc4 24. Qe3 Bb5 25. Rad1 Bf8 26. Qe5+ Qg7 27. Qxg7+ Kxg7 28. b3 Re8 29. Rxe8 Bxe8 30. c4 Bc6 31. f3 Be7 32. Kf2 Bf6 33. g4 Bd4+ 34. Kg3 Kf6 35. Re1 a5 36. a4 g5 37. h3 Bd7 38. Re2 Be5+ 39. Kf2 Be8 40. Kg2 Bg6 41. Rd2 Ke6 42. Re2 Kd6 43. Rd2+ Kc6 44. Re2 Bf4 45. Re6+ Kd7 46. Rb6 Bc7 47. Rxb7 Kc6 48. Rb5 Bb6 49. h4 h6 50. hxg5 hxg5 51. b4 axb4 52. a5 Ba7 53. a6 Bd3 54. Rb7 Bb6 55. Re7 b3 0-1

[Event "South Wales op 9th"]
[Site "Penarth"]
[Date "2012.07.12"]
[Round "9"]
[White "Thomas, Ben"]
[Black "Davis, Lee"]
[Result "1/2-1/2"]
[WhiteElo "1674"]
[BlackElo "1969"]
[PlyCount "53"]
[EventDate "2012.07.08"]
[EventType "swiss"]
[EventRounds "9"]
[EventCountry "WLS"]
[SourceTitle "CBM 149 Extra"]
[Source "ChessBase"]
[SourceDate "2012.08.24"]
[SourceVersion "1"]
[SourceVersionDate "2012.08.24"]
[SourceQuality "1"]

1. e4 g6 2. d4 d6 3. c4 Nf6 4. Nc3 Bg7 5. f3 0-0 6. Bd3 Nc6 7. Nge2 a6 8. Be3 Bd7 9. g4 e5 10. d5 Nd4 11. Nxd4 exd4 12. Bxd4 Nxg4 13. Bxg7 Qh4+ 14. Kd2 Qg5+ 15. Ke1 Ne3 16. Qe2 Kxg7 17. Kf2 Ng2 18. h4 Nxh4 19. Rag1 Qe7 20. Rh2 f5 21. Rgh1 g5 22. exf5 Qxe2+ 23. Nxe2 Bxf5 24. Bxf5 Rxf5 25. Nd4 Re5 26. Ne6+ Kg6 27. Nxg5 1/2-1/2

[Event "South Wales op 9th"]
[Site "Penarth"]
[Date "2012.07.10"]
[Round "6"]
[White "Hickman, John"]
[Black "Thomas, Ben"]
[Result "1-0"]
[WhiteElo "1933"]
[BlackElo "1674"]
[PlyCount "67"]
[EventDate "2012.07.08"]
[EventType "swiss"]
[EventRounds "9"]
[EventCountry "WLS"]
[SourceTitle "CBM 149 Extra"]
[Source "ChessBase"]
[SourceDate "2012.08.24"]
[SourceVersion "1"]
[SourceVersionDate "2012.08.24"]
[SourceQuality "1"]

1. e4 e6 2. d4 d5 3. Nd2 Nf6 4. Bd3 c5 5. e5 Nfd7 6. c3 b6 7. Qe2 Nc6 8. Ngf3 cxd4 9. Nxd4 Ncxe5 10. Bb5 Ng6 11. N2f3 Be7 12. Nc6 Qc7 13. Nxe7 Nxe7 14. Bg5 Ng6 15. Rd1 0-0 16. Rd4 Nc5 17. h4 f6 18. Be3 a6 19. Ng5 fxg5 20. hxg5 e5 21. Rxd5 axb5 22. Qh5 Kf7 23. f4 Ke6 24. Rd1 Qf7 25. 0-0 Nxf4 26. Qxh7 Qg6 27. Qh4 Bb7 28. Bxf4 Rxf4 29. Rxf4 exf4 30. Qxf4 Ne4 31. Qc7 Bd5 32. Qxb6+ Nd6 33. Qe3+ Ne4 34. Qd3 1-0

[Event "South Wales op 9th"]
[Site "Penarth"]
[Date "2012.07.09"]
[Round "4"]
[White "Robinson, David"]
[Black "Thomas, Ben"]
[Result "1-0"]
[WhiteElo "1936"]
[BlackElo "1674"]
[PlyCount "61"]
[EventDate "2012.07.08"]
[EventType "swiss"]
[EventRounds "9"]
[EventCountry "WLS"]
[SourceTitle "CBM 149 Extra"]
[Source "ChessBase"]
[SourceDate "2012.08.24"]
[SourceVersion "1"]
[SourceVersionDate "2012.08.24"]
[SourceQuality "1"]

1. d4 Nf6 2. Nf3 g6 3. Bf4 Bg7 4. e3 d6 5. Be2 0-0 6. h3 c6 7. 0-0 Nh5 8. Bh2 f5 9. c4 Na6 10. Nc3 Nc7 11. Qc2 Qe8 12. Rad1 e5 13. Rfe1 Qe7 14. c5 dxc5 15. Nxe5 Nf6 16. dxc5 Ne6 17. Nd3 Ne8 18. b4 a5 19. a3 axb4 20. axb4 Ng5 21. Nf4 Ne4 22. Bc4+ Kh8 23. Nxe4 fxe4 24. Ne2 Qg5 25. Bf4 Qe7 26. Rd2 Bf5 27. Ng3 Ra3 28. Bb3 Qf6 29. Nxf5 gxf5 30. Rc1 Nc7 31. Bxc7 1-0

[Event "South Wales op 9th"]
[Site "Penarth"]
[Date "2012.07.08"]
[Round "1"]
[White "Davis, Ashley J"]
[Black "Thomas, Ben"]
[Result "1-0"]
[WhiteElo "1929"]
[BlackElo "1674"]
[PlyCount "77"]
[EventDate "2012.07.08"]
[EventType "swiss"]
[EventRounds "9"]
[EventCountry "WLS"]
[SourceTitle "CBM 149 Extra"]
[Source "ChessBase"]
[SourceDate "2012.08.24"]
[SourceVersion "1"]
[SourceVersionDate "2012.08.24"]
[SourceQuality "1"]

1. d4 Nf6 2. g3 g6 3. Bg2 Bg7 4. e4 d6 5. c4 0-0 6. Nc3 e5 7. Nf3 Nc6 8. d5 Ne7 9. 0-0 Nd7 10. Be3 f5 11. Qd2 Nf6 12. c5 Nh5 13. cxd6 cxd6 14. Rac1 f4 15. gxf4 Nxf4 16. Bxf4 Rxf4 17. Ne2 Rf7 18. Ng5 Rf6 19. f4 Bh6 20. fxe5 Qb6+ 21. Kh1 dxe5 22. Rxf6 Qxf6 23. h4 Qf2 24. Qe1 Qb6 25. Qg3 Qxb2 26. Rc7 Bf8 27. Qf3 Nf5 28. exf5 Bxf5 29. d6 e4 30. Nxe4 Qe5 31. Qb3+ Be6 32. Qc3 Qxc3 33. N2xc3 Bg7 34. Rxb7 Rc8 35. Rc7 Rd8 36. Nb5 a6 37. Na7 Be5 38. Nc6 Bxd6 39. Nxd8 1-0

[Event "South Wales op 9th"]
[Site "Penarth"]
[Date "2012.07.08"]
[Round "2"]
[White "Thomas, Ben"]
[Black "Van Kemenade, Rudy"]
[Result "0-1"]
[WhiteElo "1674"]
[BlackElo "2014"]
[PlyCount "84"]
[EventDate "2012.07.08"]
[EventType "swiss"]
[EventRounds "9"]
[EventCountry "WLS"]
[SourceTitle "CBM 149 Extra"]
[Source "ChessBase"]
[SourceDate "2012.08.24"]
[SourceVersion "1"]
[SourceVersionDate "2012.08.24"]
[SourceQuality "1"]

1. e4 e5 2. Nf3 Nf6 3. Bc4 Nxe4 4. d3 Nf6 5. Nxe5 d5 6. Bb3 c6 7. 0-0 Bd6 8. Nf3 0-0 9. Nc3 Bg4 10. Bg5 h6 11. Bh4 Nbd7 12. d4 Qb6 13. Qd3 Bxf3 14. Na4 Be4 15. Nxb6 Bxd3 16. Nxd7 Bxf1 17. Nxf8 g5 18. Kxf1 gxh4 19. Ng6 fxg6 20. c4 Bxh2 21. cxd5 Nxd5 22. g3 hxg3 23. Kg2 Re8 24. fxg3 Re2+ 25. Kh3 Rxb2 26. Rh1 Bxg3 27. Kxg3 Kg7 28. Re1 Rd2 29. Bxd5 cxd5 30. Re7+ Kf6 31. Rxb7 Rxa2 32. Kf3 Ra3+ 33. Ke2 Kf5 34. Rf7+ Ke4 35. Rf6 Ra2+ 36. Kf1 Kxd4 37. Rxg6 Kc3 38. Rxh6 d4 39. Rh3+ d3 40. Rh8 Ra1+ 41. Kf2 d2 42. Rc8+ Kb4 0-1

[Event "South Wales op 8th"]
[Site "Penarth"]
[Date "2011.07.14"]
[Round "9"]
[White "Thomas, Ben"]
[Black "Einarsson, Oskar Long"]
[Result "1/2-1/2"]
[WhiteElo "1623"]
[BlackElo "1743"]
[PlyCount "81"]
[EventDate "2011.07.09"]
[EventType "swiss"]
[EventRounds "9"]
[EventCountry "WLS"]
[SourceTitle "CBM 143 Extra"]
[Source "ChessBase"]
[SourceDate "2011.08.29"]
[SourceVersion "1"]
[SourceVersionDate "2011.08.29"]
[SourceQuality "1"]

1. e4 c5 2. Nf3 d6 3. Nc3 Nf6 4. d4 cxd4 5. Nxd4 a6 6. Bd3 e6 7. 0-0 Be7 8. Be3 0-0 9. f4 Nc6 10. Nb3 b5 11. a3 Bb7 12. Qe2 Nd7 13. Rf3 Nc5 14. Nxc5 dxc5 15. Rd1 Qc7 16. b3 Nd4 17. Bxd4 cxd4 18. Nb1 f5 19. Rh3 Bc5 20. b4 Bb6 21. Kh1 g6 22. Nd2 Qxf4 23. exf5 Rf6 24. fxe6 Re8 25. Rf1 Qg5 26. Nf3 Qg4 27. Qf2 Qxe6 28. Re1 Qd7 29. Rxe8+ Qxe8 30. Qh4 Qf7 31. Kg1 Bxf3 32. gxf3 Rxf3 33. Rxf3 Qxf3 34. Qf2 Qc6 35. Qf4 Bc7 36. Be4 Qb6 37. Bd5+ Kg7 38. Qf7+ Kh6 39. Qf8+ Kg5 40. Qe7+ Kf4 41. h4 1/2-1/2